| 000 | 00693cab a2200229 4500 | ||
|---|---|---|---|
| 001 | WB3035-05 | ||
| 008 | 090401t1994 xxu||||| |||| 00| 0 eng d | ||
| 035 | _a(Sirsi) u52733 | ||
| 041 | _aeng | ||
| 245 | _aSelf-build advice | ||
| 260 | _c1994 | ||
| 350 | _a0 | ||
| 490 |
_aBuilding Design _v(1190) 16 September 1994, 6(1) |
||
| 520 | _aOnly 25% of self-builders consult architects about their plans, according to Wedgwood Markham. Most self-builders seek advice from builders. | ||
| 650 | _aARCHITECTS | ||
| 650 | _aASSOCIATED SELF-BUILD ARCHITECTS | ||
| 650 | _aPROFESSIONAL ADVICE | ||
| 650 | _aSELF-BUILD | ||
| 690 | _aBUILT ENVIRONMENT | ||
| 942 | _n0 | ||
| 948 | _c04/03/1997 | ||
| 999 |
_c32576 _d32576 |
||